000 00547nam a2200157 i 4500
001 104588
003 ES-MaACL
005 20230906183637.0
007 t|
008 051202s1956 it ||||1| ita d
110 1 _aItalia.
_bMinistero della Pubblica Instruzione.
_95318
245 1 0 _aGuida di letture givaniti per le biblioteche scolastiche e popolari /
_cCentro Didattico Nazionali di Studi e Documentazioni.
260 _aFirenze :
_b[s.n.],
_c1956 (
_fTip. Florentina)
300 _a175 p. ;
_c21 cm.
852 _aES-MaACL
_jC-21576
_bR.50225
999 _c104588
_d104588